000 00655nam a2200229Ia 4500
003 OSt
005 20220928101737.0
006 a|||||r|||| 00| 0
007 ta
008 220927b |||||||| |||| 00| 0 eng d
024 _a90083
037 _cTextual
040 _aSDCL
_cSDCL
_beng
041 _2eng
_aeng
082 _aO1520a168,3N:g, P3
100 _aJubairi Mufkhkhara Aihatishyam
_9394629
245 0 _aHindi Urdu upanyaas
_b Ek antaryatra.
260 _aDelhi
_bAnanga Prakashan
_c2003
300 _a120p.
_ccm.
942 _hO1520a168,3N:g, P3
_cTEXL
_2CC
999 _c710225
_d710225